书目信息 |
| 题名: |
新编高等学校英语专业八级考试指南
|
|
| 作者: | 邹申 主编 | |
| 分册: | ||
| 出版信息: | 上海 上海外语教育出版社 2005.06 |
|
| 页数: | 295页 | |
| 开本: | 26cm | |
| 丛书名: | ||
| 单 册: | ||
| 中图分类: | H310.42 | |
| 科图分类: | ||
| 主题词: | 英语--ying yu--高等学校--教学参考资料 | |
| 电子资源: | ||
| ISBN: | 7-81095-554-3 | |
| 000 | 00989nam0 2200241 450 | |
| 001 | 012006815449 | |
| 005 | 20060921091326.70 | |
| 010 | @a7-81095-554-3@dCNY25.00 | |
| 100 | @a20060630d2005 km y0chiy0120 ea | |
| 101 | 0 | @achi@aeng |
| 102 | @aCN@b310000 | |
| 105 | @ay z 000yy | |
| 200 | 1 | @a新编高等学校英语专业八级考试指南@Axin bian gao deng xue xiao ying yu zhuan ye ba ji kao shi zhi nan@d= A New Guide to TEM8@f邹申主编@Fzou shen zhu bian@zeng |
| 205 | @a修订版 | |
| 210 | @a上海@c上海外语教育出版社@d2005.06 | |
| 215 | @a295页@d26cm | |
| 330 | @a本书共分三个部分。第一部分为考试讲座,按考试项目分听力理解、阅读理解、人文知识、改错、翻译与写作,讲座内容包括教学大纲要求、考试大纲要求、考试注意事项;第二部分为样题及题解;第三部分为录音稿、答案及翻译参考译文。 | |
| 510 | 1 | @aNew Guide to TEM8@zeng |
| 606 | 0 | @a英语@Aying yu@x高等学校@j教学参考资料 |
| 690 | @aH310.42@v4 | |
| 701 | 0 | @a邹申@Azou shen@4主编 |
| 801 | 0 | @aCN@bQSSK@c20060921 |
| 905 | @a10447@dH310.42@eZ970 | |
| 新编高等学校英语专业八级考试指南= A New Guide to TEM8/邹申主编.-修订版.-上海:上海外语教育出版社,2005.06 |
| 295页;26cm |
| ISBN 7-81095-554-3:CNY25.00 |
| 本书共分三个部分。第一部分为考试讲座,按考试项目分听力理解、阅读理解、人文知识、改错、翻译与写作,讲座内容包括教学大纲要求、考试大纲要求、考试注意事项;第二部分为样题及题解;第三部分为录音稿、答案及翻译参考译文。 |
| ● |
| 相关链接 |
|
|
|
正题名:新编高等学校英语专业八级考试指南
索取号:H310.42/Z970
 
预约/预借
| 序号 | 登录号 | 条形码 | 馆藏地/架位号 | 状态 | 备注 |
| 1 | 592673 | 205926738 | 语言库209/209语言库 98排4列4层/ [索取号:H310.42/Z970] | 在馆 | |
| 2 | 592674 | 205926747 | 语言库209/209语言库 98排4列4层/ [索取号:H310.42/Z970] | 在馆 | |
| 3 | 592675 | 205926756 | 语言库209/209语言库 98排4列4层/ [索取号:H310.42/Z970] | 在馆 | |
| 4 | 592676 | 205926765 | 语言库209/209语言库 98排4列4层/ [索取号:H310.42/Z970] | 在馆 | |
| 5 | 592677 | 205926774 | 语言库209/209语言库 98排4列4层/ [索取号:H310.42/Z970] | 在馆 |